Political theory (Record no. 13054)
[ view plain ]
| 000 -LEADER | |
|---|---|
| fixed length control field | 00547nam a2200217Ia 4500 |
| 003 - CONTROL NUMBER IDENTIFIER | |
| control field | 0100 |
| 008 - FIXED-LENGTH DATA ELEMENTS--GENERAL INFORMATION | |
| fixed length control field | 130303s9999 xx 000 0 und d |
| 020 ## - INTERNATIONAL STANDARD BOOK NUMBER | |
| International Standard Book Number | 521575001 |
| 040 ## - CATALOGING SOURCE | |
| Transcribing agency | ARRUPELIB |
| 050 ## - LIBRARY OF CONGRESS CALL NUMBER | |
| Classification number | JA71.P63351997 |
| 300 ## - PHYSICAL DESCRIPTION | |
| Other physical details | 275 p. 23 cm |
| 245 ## - TITLE STATEMENT | |
| Title | Political theory |
| 245 ## - TITLE STATEMENT | |
| Remainder of title | tradition and diversity |
| 260 ## - PUBLICATION, DISTRIBUTION, ETC. (IMPRINT) | |
| Place of publication, distribution, etc | New York |
| 260 ## - PUBLICATION, DISTRIBUTION, ETC. (IMPRINT) | |
| Name of publisher, distributor, etc | Cambridge University Press |
| 260 ## - PUBLICATION, DISTRIBUTION, ETC. (IMPRINT) | |
| -- | 1997 |
| 300 ## - PHYSICAL DESCRIPTION | |
| Extent | xi |
| 650 ## - SUBJECT ADDED ENTRY--TOPICAL TERM | |
| Topical term following geographic name as entry element | Self-control Choice (Psychology) |
| 700 ## - ADDED ENTRY--PERSONAL NAME | |
| Personal name | edited by Andrew Vincent , Vincent, Andrew |
| 942 00 - ADDED ENTRY ELEMENTS (KOHA) | |
| Koha issues (borrowed), all copies | 1 |
| Withdrawn status | Lost status | Source of classification or shelving scheme | Damaged status | Not for loan | Collection code | Home library | Current library | Shelving location | Date acquired | Total Checkouts | Full call number | Barcode | Date last seen | Date checked out | Copy number | Price effective from | Koha item type |
|---|---|---|---|---|---|---|---|---|---|---|---|---|---|---|---|---|---|
| Library of Congress Classification | Main Collection | ARRUPE LIBRARY | ARRUPE LIBRARY | 04/03/2013 | 3 | JA71.P63351997 | 46003048355 | 21/06/2018 | 09/09/2016 | 1 | 04/03/2013 | Monograph ( Printed materials) |